000 01098nam a2200277 a 4500
008
020 _a1853390615 (pbk.)
049 _aMAIN
090 _aT173.8
245 0 0 _aTinker, tiller, technical change :
_btechnologies from the people /
_cedited by Matthew Gamser, Helen Appleton and Nicola Carter.
260 _aLondon, UK :
_bIntermediate Technology Publications ,
_c1990.
300 _axvii, 278 p. :
_bill., maps ;
_c23 cm.
500 _aResults of field work originally presented at a seminar held at the London Business School in June 1989.
500 _aLatin American case studies translated by Geraldine Skinner.
504 _aIncludes bibliographical references.
650 0 _aTechnological innovations
_zDeveloping countries
_xCase studies.
700 1 _aGamser, Matthew S.
700 1 _aAppleton, Helen.
700 1 _aCarter, Nicola.
710 2 _aIntermediate Technology Development Group.
907 _a.b10026198
_b31-08-05
_c17-04-03
003
005 20230123133801.0
040 _cNUST
942 _cBOOKS
_kT173.8
999 _c154563
_d154563